Business driven information systems / (Record no. 23167)

MARC details
000 -LEADER
fixed length control field 01061cam a22003135a 4500
001 - CONTROL NUMBER
control field 017372144
003 - CONTROL NUMBER IDENTIFIER
control field OSt
005 - DATE AND TIME OF LATEST TRANSACTION
control field 20201128024006.0
008 - FIXED-LENGTH DATA ELEMENTS--GENERAL INFORMATION
fixed length control field 150518t2016 nyua frbd 001 0 eng d
020 ## - INTERNATIONAL STANDARD BOOK NUMBER
International Standard Book Number 9781259251764
020 ## - INTERNATIONAL STANDARD BOOK NUMBER
International Standard Book Number 1259251764
040 ## - CATALOGING SOURCE
Original cataloging agency StDuBDS
Language of cataloging eng
Transcribing agency StDuBDS
Modifying agency Uk
-- EG-ScBUE
082 04 - DEWEY DECIMAL CLASSIFICATION NUMBER
Classification number 658.4038011
Edition number 22
Item number BAL
100 1# - MAIN ENTRY--PERSONAL NAME
Personal name Baltzan, Paige.
9 (RLIN) 36484
245 10 - TITLE STATEMENT
Title Business driven information systems /
Statement of responsibility, etc Paige Baltzan.
250 ## - EDITION STATEMENT
Edition statement 5th ed., International student ed.
260 ## - PUBLICATION, DISTRIBUTION, ETC. (IMPRINT)
Place of publication, distribution, etc New York :
Name of publisher, distributor, etc McGraw Hill Education,
Date of publication, distribution, etc c.2016.
300 ## - PHYSICAL DESCRIPTION
Extent 1 v. (Various pagings) :
Other physical details ill. ;
Dimensions 28 cm.
500 ## - GENERAL NOTE
General note Includes glossary.
504 ## - BIBLIOGRAPHY, ETC. NOTE
Bibliography, etc Includes bibliographical references and index.
650 #7 - SUBJECT ADDED ENTRY--TOPICAL TERM
Topical term or geographic name as entry element Management information systems.
Source of heading or term BUEsh
9 (RLIN) 1296
650 #7 - SUBJECT ADDED ENTRY--TOPICAL TERM
Topical term or geographic name as entry element Industrial management
General subdivision Data processing.
Source of heading or term BUEsh
9 (RLIN) 36485
650 #7 - SUBJECT ADDED ENTRY--TOPICAL TERM
Topical term or geographic name as entry element Information technology
General subdivision Management.
Source of heading or term BUEsh
9 (RLIN) 12426
651 ## - SUBJECT ADDED ENTRY--GEOGRAPHIC NAME
Source of heading or term BUEsh
653 ## - INDEX TERM--UNCONTROLLED
Resource For college BAEPS, Business Administration
Arrived date list November2016
655 ## - INDEX TERM--GENRE/FORM
Form subdivision Text book
-- 33728
690 7# - LOCAL SUBJECT ADDED ENTRY--TOPICAL TERM (OCLC, RLIN)
Topical term or geographic name as entry element Management and Business Studies
Source of heading or term blcoll
942 ## - ADDED ENTRY ELEMENTS (KOHA)
Source of classification or shelving scheme Dewey Decimal Classification
Holdings
Withdrawn status Item status Source of classification or shelving scheme Damaged status Not for loan Vendor Home library Current library Shelving location Date acquired Source of acquisition Cost, normal purchase price Total Checkouts Full call number Barcode Date last seen Koha item type Total Renewals Date last borrowed
    Dewey Decimal Classification     Baccah Central Library Central Library First floor 16/11/2016 Purchase 350.00   658.4038011 BAL 000034886 15/07/2025 NB - Book (Non borrowing)    
    Dewey Decimal Classification     Baccah Central Library Central Library First floor 16/11/2016 Purchase   3 658.4038011 BAL 000034887 15/07/2025 Book - Borrowing 5 16/12/2019
    Dewey Decimal Classification     Baccah Central Library Central Library First floor 16/11/2016 Purchase   3 658.4038011 BAL 000034888 15/07/2025 Book - Borrowing 5 12/10/2024
    Dewey Decimal Classification     Baccah Central Library Central Library First floor 16/11/2016 Purchase   2 658.4038011 BAL 000034889 15/07/2025 Book - Borrowing 13 16/11/2017
    Dewey Decimal Classification     Baccah Central Library Central Library First floor 16/11/2016 Purchase   8 658.4038011 BAL 000034890 15/07/2025 Book - Borrowing 71 11/10/2021
    Dewey Decimal Classification     Baccah Central Library Central Library First floor 16/11/2016 Purchase   5 658.4038011 BAL 000034891 15/07/2025 Book - Borrowing 32 04/11/2021
    Dewey Decimal Classification     Baccah Central Library Central Library First floor 16/11/2016 Purchase   7 658.4038011 BAL 000034892 15/07/2025 Book - Borrowing 44 20/03/2022